header

Accounting discretion of banks during a financial crisis (Record no. 211994)

MARC details
000 -LEADER
fixed length control field 01257nam a2200313Ia 4500
100 1# - MAIN ENTRY--AUTHOR NAME
Personal name Huizinga, Harry.
245 10 - TITLE STATEMENT
Title Accounting discretion of banks during a financial crisis
260 ## - PUBLICATION, DISTRIBUTION, ETC. (IMPRINT)
Place of publication [Washington, D.C.] :
Name of publisher International Monetary Fund,
Year of publication 2009.
300 ## - PHYSICAL DESCRIPTION
Number of Pages 41 p. :
Other physical details ill.
490 1# - SERIES STATEMENT
Series statement IMF working paper ;
650 #0 - SUBJECT ADDED ENTRY--TOPICAL TERM
Topical Term Banks and banking.
Topical Term Accounting
700 1# - ADDED ENTRY--PERSONAL NAME
Personal name Laeven, Luc.
856 40 - ELECTRONIC LOCATION AND ACCESS
Uniform Resource Identifier http://site.ebrary.com/lib/rucke/Doc?id=10368593

No items available.

© 2026 Rongo University
Contact us: librarian | system librarian | Rongo university